Statistics for Berlin Brandenburg (BER) Airport Destinations

Click here to take the quiz!

General Stats

  • This quiz has been taken 310 times
    (266 since last reset)
  • The average score is 103 of 169

Answer Stats

DestinationAirline/s% Correct
Air France, easyJetParis (Charles de Gaulle)
96%
Air France, easyJet, TransaviaParis (Orly)
96%
easyJet, KLMAmsterdam
95%
LufthansaFrankfurt
95%
Turkish AirlinesIstanbul
95%
AnadoluJet, Pegasus AirlinesIstanbul (Sabiha Gokcen)
95%
British AirwaysLondon (City)
94%
easyJetLondon (Gatwick)
94%
British AirwaysLondon (Heathrow)
94%
easyJetLondon (Luton)
94%
RyanairLondon (Stansted)
94%
LufthansaMunich
94%
Norwegian Air Shuttle, Scandinavian AirlinesOslo
94%
Aegean Airlines, easyJet, Ryanair, ScootAthens
93%
easyJet, FinnairHelsinki
93%
easyJet, Eurowings, Norwegian Air Shuttle, Scandinavian AirlinesStockholm (Arlanda)
93%
AnadoluJet, SunExpressAnkara
92%
S7 AirlinesMoscow (Domodedovo)
92%
Aeroflot, Nordwind AirlinesMoscow (Sheremetyevo)
92%
Pobeda, UtairMoscow (Vnukovo)
92%
easyJet, Ryanair, VuelingBarcelona
91%
Aer Lingus, RyanairDublin
91%
Austrian Airlines, easyJetVienna
91%
easyJet, Swiss International AirlinesZurich
91%
Brussels Airlines, RyanairBrussels
90%
Iberia, RyanairMadrid
90%
easyJetMilan (Malpensa)
90%
EgyptAirCairo
89%
easyJet, Norwegian Air Shuttle, Scandinavian AirlinesCopenhagen
89%
easyJet, Ryanair, TAP Air PortugalLisbon
89%
LOT Polish AirlinesWarsaw (Chopin)
89%
RyanairRome (Ciampino)
88%
easyJetRome (Fiumicino)
88%
Bulgaria Air, RyanairSofia
88%
RyanairBucharest
87%
Air Serbia, easyJetBelgrade
86%
Ryanair, SkyUp, Ukraine International AirlinesKiev (Boryspil)
86%
Wizz AirKiev (Zhuliany)
86%
easyJet, RyanairManchester (UK)
86%
airBaltic, RyanairRiga
86%
Nordwind Airlines, Pegas Air, Rossiya AirlinesSaint Petersburg (Pulkovo)
86%
Corendon Airlines, Freebird Airways, Pegasus Airlines, Sundair, SunExpress, Turkish AirlinesAntalya
84%
Azerbaijan AirlinesBaku
84%
EurowingsCologne/Bonn
84%
Ryanair, Wizz AirBudapest
83%
Air AlgerieAlgiers
82%
easyJet, RyanairMarseille
82%
EurowingsZagreb
82%
easyJet, RyanairEdinburgh
81%
easyJetGlasgow
81%
EurowingsDusseldorf
80%
easyJetLyon
80%
Qatar AirwaysDoha
79%
SmartLynx AirlinesDubai (International)
79%
Corendon Airlines, SunExpress, Turkish AirlinesIzmir
79%
Icelandair, PLAYReykjavik (Keflavik)
79%
EurowingsStuttgart
79%
easyJet, El Al, Israir Airlines, RyanairTel Aviv
79%
Royal JordanianAmman (Queen Alia)
78%
easyJetNice
78%
easyJet, RyanairPorto
78%
easyJetVenice
78%
Norwegian Air ShuttleBergen
77%
NouvelairTunis
77%
easyJetNaples
75%
Aegean Airlines, easyJet, RyanairThessaloniki
75%
RyanairVilnius
75%
easyJetBasel/Mulhouse
74%
Jet2.comBirmingham (UK)
74%
easyJetGeneva
74%
Air MaltaMalta
74%
Croatia Airlines, easyJet, EurowingsSplit
73%
Air Moldova, Wizz AirChisinau
72%
Luxair, RyanairLuxembourg
72%
easyJet, RyanairIbiza
71%
RyanairTallinn
71%
easyJet, EurowingsSalzburg
70%
easyJet, RyanairValencia
70%
easyJetBordeaux
69%
RyanairPalermo
69%
Aegean Airlines, Condor, Corendon Airlines, easyJet, Eurowings, Ryanair, Sundair, TUI fly DeutschlandHeraklion
68%
easyJet, RyanairMalaga
68%
easyJet, EurowingsDubrovnik
65%
Condor, easyJet, Ryanair, Sundair, TUI fly DeutschlandTenerife (South)
65%
RyanairAlicante
63%
Wizz AirTirana
63%
United AirlinesWashington (Dulles)
63%
RyanairBari
62%
Condor, easyJet, Eurowings, Ryanair, Sundair, TUI fly DeutschlandGran Canaria
62%
easyJetInnsbruck
60%
easyJet, Eurowings, RyanairPalma de Mallorca
60%
Georgian AirwaysTbilisi
59%
Condor, easyJet, Eurowings, Ryanair, Sundair, TUI fly DeutschlandRhodes
58%
easyJet, RyanairCorfu
57%
easyJet, RyanairFaro
57%
United AirlinesNewark
57%
easyJet, Sundair, Wizz AirvbVarna
57%
RyanairBologna
56%
easyJet, RyanairCatania
56%
Jet2.comLeeds/Bradford
56%
easyJetBristol
55%
Wizz AirLviv
54%
easyJet, TransaviaNantes
54%
Jet2.comNewcastle upon Tyne
54%
Wizz AirSkopje
54%
easyJetGothenburg
52%
Air Cairo, Condor, Corendon Airlines, easyJet, Eurowings, SundairHurghada
52%
easyJetMenorca
52%
Condor, easyJet, Ryanair, Sundair, TUI fly DeutschlandKos
51%
Eurowings, SundairBeirut
50%
easyJetFunchal
50%
Ryanair, Wizz AirOdessa
50%
RyanairPodgorica
50%
Condor, easyJet, Eurowings, Ryanair, TUI fly DeutschlandFuerteventura
49%
easyJet, EurowingsPristina
48%
easyJet, Eurowings, RyanairZadar
48%
Turkish AirlinesAdana
47%
easyJetCagliari
46%
easyJetLarnaca
46%
easyJetMykonos
46%
Wizz AirCluj
44%
easyJet, RyanairMarrakesh
44%
easyJetSantorini
44%
Iraqi AirwaysErbil
43%
easyJetAarhus
42%
Corendon Airlines, Turkish AirlinesBodrum
42%
easyJet, RyanairChania
41%
TransaviaMontpellier
41%
ScootSingapore
41%
RyanairPisa
40%
easyJet, SundairBurgas
39%
Sundair, TunisairDjerba
39%
Condor, easyJet, Eurowings, Ryanair, Sundair, TUI fly DeutschlandLanzarote
39%
easyJet, RyanairPaphos
39%
RyanairBergamo
38%
Turkish AirlinesTrabzon
37%
Turkish AirlinesGaziantep
36%
British AirwaysSouthampton
35%
easyJetZakynthos
35%
Wizz AirKharkiv
34%
easyJetPula
34%
easyJetSharm El Sheikh
34%
EurowingsRijeka
33%
easyJetOlbia
30%
SunExpressDalaman
28%
NouvelairMonastir
26%
easyJetAlghero
23%
Green AirlinesKarlsruhe/Baden-Baden
23%
Turkish AirlinesSamsun
23%
easyJetLamezia Terme
22%
easyJetLa Palma
22%
easyJet, EurowingsBastia
21%
easyJetTivat
21%
DATSaarbrucken
19%
SkyAlpsBolzano
18%
easyJet, SundairMarsa Alam
18%
RyanairTreviso
18%
Wizz AirTuzla
18%
easyJetAqaba
17%
Pegas FlyKaliningrad
16%
easyJetPreveza/Kefkada
16%
RyanairEast Midlands
15%
easyJetSylt
15%
easyJetBiarritz
12%
Wizz AirKutaisi
11%
Green AirlinesWeeze
7%
DATBornholm
5%
Iraqi AirwaysBaghada
3%
RyanairLappeenranta
1%

Score Distribution

Percentile by Number Answered

Percent of People with Each Score

Your Score History

You have not taken this quiz since the last reset